| 000 | 004720000a22001810004500 | ||
|---|---|---|---|
| 003 | MACL | ||
| 005 | 20160124122304.0 | ||
| 008 | 160124b xxu||||| |||| 00| 0 eng d | ||
| 040 |
_aMACL _cMACL |
||
| 041 | _aEnglish | ||
| 082 | _a378/KIR | ||
| 100 |
_aKiran Prakashan _912492 |
||
| 245 |
_aSSC Combined Matric Level Prelim Exam. _bPractice Work Book |
||
| 260 |
_bKiran Prakashan _aNew Delhi |
||
| 350 | _a275 | ||
| 650 |
_aEducation _934437 |
||
| 942 |
_cBK _k378/Kir _2ddc |
||
| 999 |
_c32819 _d32819 |
||